Turkish 1.Lig Teams - Statistics

General Stats
  • This quiz has been taken 27 times
  • The average score is 13 of 20
Answer Stats
Answer % Correct
1. Kocaelispor
88%
3. Gençlerbirliği
81%
18. MKE Ankaragücü
81%
15. Sakaryaspor
77%
20. Yeni Malatyaspor
77%
2. Fatih Karagümrük
73%
19. Adanaspor
69%
7. Amed SF
69%
6. İstanbulspor
69%
17. Şanlıurfaspor
65%
13. Ümraniyespor
65%
10. Boluspor
62%
4. Erzurumspor FK
62%
14. Pendikspor
58%
16. Manisa FK
54%
11. Ankara Keçiörengücü
50%
5. Bandırmaspor
50%
8. Iğdır FK
50%
12. Çorum FK
46%
9. Esenler Erokspor
38%
No matching quizzes found
Score Distribution
Percent of People with Each Score
Percentile by Number Answered
Your Score History
You have not taken this quiz